000 00459nam a2200169Ia 4500
005 20260330112721.0
008 260330s9999||||xx |||||||||||||| ||und||
020 _a9789681645755
041 _aspa
100 _aErnest L. Boyer
245 0 _aUna Propuesta Para La Educación Superior Del Futuro /
_cErnest L. Boyer
250 _a1 ed.
260 _aMexico :
_bFondo De Cultura Económica.
_c1997
300 _a163 p.
650 _aEDUCACIÓN
942 _cBK
999 _c2373
_d2373